| 000 | 00352nam a2200145Ia 4500 | ||
|---|---|---|---|
| 005 | 20251222152703.0 | ||
| 008 | 251222s9999||||xx |||||||||||||| ||spa|| | ||
| 020 | _a9972025932 | ||
| 082 | _a869.556/A79 | ||
| 100 | _aAscencio Segura, Manuel | ||
| 245 | 0 | _aÑa Catita - El Sargento Canuto | |
| 250 | _a1ra.ed. | ||
| 264 | _bEl Comercio | ||
| 942 | _cLIB | ||
| 999 |
_c28892 _d28892 |
||